00952nam a22003017a 4500001001000000003000900010005001700019007000300036008003400039040005400073041001000127072002400137100002900161100002100190100002100211100001900232110007500251245012400326260003800450300001000488500002300498650002300521650003100544650001700575650002200592650002700614650000900641BR0503151BR-BrBNA20230928101921.0ta230509b bl.||||| |||| 00| 0 por d aBR-BrBNAbporcBiblioteca Nacional de Agricultura a(Por) aF30; F70; F08b30001 aMenese-Filho, L.C. de L.1 aFerraz, P. de A.1 aSassagwa, M.R.Y.1 aFerreira, L.A.1 aUniversiade Federal do Acre, Rio Branco (Brasil). Parque Zoobotânico1 aComportamento de 21 espécies arbóreas tropicais madeireiras introduzidas no Parque Zoobotânico, Rio Branco - Acre3 aRio Branco, AC (Brasil): c1995.  a80 p. a30 ref.; 38 illus. aÁRVORE FLORESTAL aCOMPORTAMENTO DE VARIEDADE aSILVICULTURA aTAXONOMIA VEGETAL aMÉTODO ESTATÍSTICO aACRE